|
|
|
|
| LEADER |
00973nam a2200253 a 4500 |
| 001 |
11963226 |
| 008 |
100209s2000 njua 001 0 eng d |
| 010 |
|
|
|a 00037952
|
| 020 |
|
|
|a 1576600378 (alk. paper)
|
| 040 |
|
|
|a DLC
|c DLC
|d DLC
|d DB-DhAAL
|
| 082 |
0 |
0 |
|a 332.64/5
|2 21
|
| 100 |
1 |
|
|a Nicholas, Joseph G.,
|d 1959-
|
| 245 |
1 |
0 |
|a Market neutral investing :
|b long/short hedge fund strategies /
|c Joseph G. Nicholas.
|
| 250 |
|
|
|a 1st ed.
|
| 260 |
|
|
|a Princeton :
|b Bloomberg Press,
|c 2000.
|
| 300 |
|
|
|a xx, 265 p. :
|b ill. ;
|c 24 cm.
|
| 490 |
0 |
|
|a Bloomberg professional library
|
| 504 |
|
|
|a Includes index.
|
| 541 |
1 |
|
|e 00013634
|
| 650 |
|
0 |
|a Hedge funds
|z United States.
|
| 650 |
|
0 |
|a Investment analysis.
|
| 852 |
4 |
|
|a Ayesha Abed Library
|j General Shelf.
|
| 999 |
|
|
|c 7398
|d 7398
|
| 952 |
|
|
|0 0
|1 0
|2 ddc
|4 0
|6 332_645000000000000_NIC
|7 0
|9 7910
|a BRACUL
|b BRACUL
|c GEN
|d 2010-02-09
|l 4
|m 40
|o 332.645 NIC
|p 3010013634
|r 2023-08-21
|s 2022-12-06
|t 1
|w 2010-02-09
|y BK
|x Price not available in Register
|